000 00308 a2200109 4500
001 ART_42382
005 20260410161755.0
008 260409a
245 1 0 _aReforma al matrimonio civil
100 1 _aGarcía, Fernando D.
773 0 _tDoctrina tributaria
_g- Nº 366 (sep. 2010)
_wREV4296
999 _c20048
_d20048